101_ Personnalités nées un 11 avril par images - Statistiques

Statistiques générales
  • Ce quiz a été pris 38 fois
  • Le résultat moyen est 2 sur 9
Statistiques - réponses
Par images Hint Réponse % Correct
Handballeur Nikola Karabatic
89%
Journaliste Martin Weil
43%
Chanteuse Nicoletta
32%
Dessinateur Jul
11%
Dirigeant Politique Guy Verhofstadt
3%
Actrice Amanda Michalka
0%
Médecin James Parkinson
0%
Politicien Michel Durafour
0%
Actrice Natacha Régnier
0%
Aucun quiz correspondant
Distribution des résultats
% des personnes avec chaque résultat
Percentile par nombre de réponses
Votre historique - résultats
Vous n’avez pas pris ce quiz